000 00643 a2200205 4500
020 _a1580760856
040 _aDLC
_bDLC
082 0 0 _a004
100 1 _aMeyer, Marilyn Wertheimer.
245 1 0 _aComputers in your future 3
_cMarilyn Wertheimer Meyer, Roberta L. Baber, Bryan Pfaffenberger.
246 3 _aComputers in your future three
250 _a3rd ed.
260 _aNew York :
_bPrentice Hall,
_cc1999.
300 _a1 v. (various pagings) :
_bcol. ill. ;
_c28 cm.
650 0 _aComputers.
700 1 _aBaber, Roberta L.
700 1 _aPfaffenberger, Bryan,
_d1949-
700 1 _aMeyer, Marilyn Wertheimer.
942 _cBK
_k004 MEY
_2ddc
999 _c9989
_d9989